[Event "ITA-chT Final 55th"]
[Site "Vasto"]
[Date "2024.04.13"]
[Round "1.17"]
[White "Mastrovasilis, Dimitrios"]
[Black "Favaloro, Andrea"]
[Result "1/2-1/2"]
[WhiteElo "2576"]
[BlackElo "2412"]
[PlyCount "70"]
[EventDate "2024.04.13"]
[EventType "team-k.o."]
[EventRounds "2"]
[EventCountry "ITA"]
[SourceTitle "CB16_2024"]
[SourceDate "2024.04.17"]
[SourceVersion "1"]
[SourceVersionDate "2024.04.17"]
[SourceQuality "1"]
[WhiteTeam "Partenopea"]
[BlackTeam "Palermitano CPS"]
[WhiteTeamCountry "ITA"]
[BlackTeamCountry "ITA"]

1. e4 e5 2. Nf3 Nc6 3. Bb5 a6 4. Bxc6 dxc6 5. Nc3 f6 6. d4 exd4 7. Nxd4 c5 8. Nde2 Qxd1+ 9. Nxd1 Be6 10. Bf4 0-0-0 11. Ne3 Ne7 12. f3 g5 13. Bg3 Bg7 14. h4 f5 15. hxg5 fxe4 16. c3 exf3 17. gxf3 Nd5 18. Nxd5 Bxd5 19. Kf2 Bc4 20. Bf4 Rhe8 21. Ng3 Be5 22. Bxe5 Rxe5 23. Ne4 Bd3 24. Rae1 Bxe4 25. Rxe4 Rxg5 26. Rxh7 Rdg8 27. b3 Rg2+ 28. Ke3 R8g7 29. Rxg7 Rxg7 30. Rg4 Rh7 31. Rg2 Re7+ 32. Kf4 Rf7+ 33. Ke4 Re7+ 34. Kf4 Rf7+ 35. Ke4 Re7+ 1/2-1/2

[Event "ITA-chT GpA 55th"]
[Site "Vasto"]
[Date "2024.04.09"]
[Round "3.21"]
[White "Favaloro, Andrea"]
[Black "Eljanov, Pavel"]
[Result "1/2-1/2"]
[WhiteElo "2412"]
[BlackElo "2706"]
[PlyCount "61"]
[EventDate "2024.04.08"]
[EventType "team-tourn"]
[EventRounds "7"]
[EventCountry "ITA"]
[SourceTitle "CB16_2024"]
[SourceDate "2024.04.17"]
[SourceVersion "1"]
[SourceVersionDate "2024.04.17"]
[SourceQuality "1"]
[WhiteTeam "Palermitano CPS"]
[BlackTeam "Costa Smeralda"]
[WhiteTeamCountry "ITA"]
[BlackTeamCountry "ITA"]

1. Nf3 Nf6 2. g3 b5 3. Bg2 Bb7 4. 0-0 e6 5. b3 b4 6. c4 bxc3 7. Nxc3 c5 8. Bb2 Be7 9. Rc1 0-0 10. Na4 Na6 11. d4 cxd4 12. Qxd4 Qb8 13. Rfd1 Rd8 14. Qf4 d6 15. h4 e5 16. Qd2 Nc7 17. Qa5 Ne6 18. Ng5 Bxg2 19. Nxe6 fxe6 20. Kxg2 Rf8 21. Qc7 Qe8 22. Rxd6 Bxd6 23. Qxd6 Rd8 24. Qxe5 Rd5 25. Qc7 Rd7 26. Qc4 Qa8+ 27. Kg1 Ne4 28. Qxe6+ Rdf7 29. Bd4 Kh8 30. Qc6 Kg8 31. Ra1 1/2-1/2

[Event "ITA-chT GpA 55th"]
[Site "Vasto"]
[Date "2024.04.09"]
[Round "2.5"]
[White "Fier, Alexandr"]
[Black "Favaloro, Andrea"]
[Result "1/2-1/2"]
[WhiteElo "2566"]
[BlackElo "2412"]
[PlyCount "64"]
[EventDate "2024.04.08"]
[EventType "team-tourn"]
[EventRounds "7"]
[EventCountry "ITA"]
[SourceTitle "CB16_2024"]
[SourceDate "2024.04.17"]
[SourceVersion "1"]
[SourceVersionDate "2024.04.17"]
[SourceQuality "1"]
[WhiteTeam "Lazio Scacchi"]
[BlackTeam "Palermitano CPS"]
[WhiteTeamCountry "ITA"]
[BlackTeamCountry "ITA"]

1. d4 d5 2. c4 e6 3. Nf3 Nf6 4. Nc3 c5 5. cxd5 Nxd5 6. e4 Nxc3 7. bxc3 cxd4 8. cxd4 Bb4+ 9. Bd2 Bxd2+ 10. Qxd2 0-0 11. Bc4 Nd7 12. 0-0 b6 13. Rad1 Bb7 14. Rfe1 Rc8 15. Bb3 Re8 16. Re3 Nf6 17. d5 exd5 18. e5 Ne4 19. Qe1 Qe7 20. Nd4 Qc5 21. e6 fxe6 22. Rxe4 dxe4 23. Nxe6 Qe7 24. Ng5+ Kh8 25. Nf7+ Kg8 26. Qe3 Rc5 27. f4 Bc8 28. Nd6+ Kf8 29. Nxe8 Qxe8 30. h3 Be6 31. Rd4 Bxb3 32. axb3 Rc7 1/2-1/2

[Event "Torino op 53rd"]
[Site "Torino"]
[Date "2024.01.06"]
[Round "7"]
[White "Favaloro, Andrea"]
[Black "Bettalli, Francesco"]
[Result "1/2-1/2"]
[WhiteElo "2411"]
[BlackElo "2271"]
[PlyCount "77"]
[EventDate "2024.01.02"]
[EventType "swiss"]
[EventRounds "9"]
[EventCountry "ITA"]
[SourceTitle "CB02_2024"]
[SourceDate "2024.01.10"]
[SourceVersion "1"]
[SourceVersionDate "2024.01.10"]
[SourceQuality "1"]

1. e4 c5 2. Nf3 Nc6 3. Bb5 e6 4. 0-0 Nge7 5. Re1 a6 6. Bf1 d5 7. exd5 Nxd5 8. d4 Nf6 9. Be3 cxd4 10. Nxd4 Nxd4 11. Qxd4 Nd5 12. Bh6 Qf6 13. Qxf6 Nxf6 14. Be3 Bd7 15. Nd2 Nd5 16. Bd4 Nb4 17. Rec1 Rc8 18. c4 f6 19. a3 Nc6 20. Be3 e5 21. b4 Ne7 22. c5 Nf5 23. Nc4 Be6 24. Bd3 g6 25. Be4 Bxc4 26. Bxf5 gxf5 27. Rxc4 f4 28. Bd2 Kd7 29. g3 fxg3 30. hxg3 Ke6 31. Kf1 f5 32. Ke2 Be7 33. Rac1 Kd5 34. R4c2 h5 35. Bc3 h4 36. Rd1+ Ke6 37. gxh4 Rxh4 38. Rcd2 Re4+ 39. Kf3 1/2-1/2

[Event "Spilimbergo op 21st"]
[Site "Spilimbergo"]
[Date "2023.08.11"]
[Round "4"]
[White "Favaloro, Andrea"]
[Black "Titze, Leo"]
[Result "1-0"]
[WhiteElo "2412"]
[BlackElo "2229"]
[PlyCount "101"]
[EventDate "2023.08.09"]
[EventType "swiss"]
[EventRounds "9"]
[EventCountry "ITA"]
[SourceTitle "CBM 215 Extra"]
[Source "ChessBase"]
[SourceDate "2023.09.30"]
[SourceVersion "1"]
[SourceVersionDate "2023.09.30"]
[SourceQuality "1"]

1. e4 c5 2. Nf3 Nc6 3. d4 cxd4 4. Nxd4 g6 5. c4 Nf6 6. Nc3 d6 7. Be2 Nxd4 8. Qxd4 Bg7 9. Be3 0-0 10. Qd2 a5 11. 0-0 a4 12. Rad1 Qa5 13. Bd4 Be6 14. f4 Rfc8 15. b3 axb3 16. axb3 Qb4 17. f5 Bd7 18. Bxf6 Bxf6 19. Nd5 Qxd2 20. Nxf6+ exf6 21. Rxd2 Bc6 22. fxg6 hxg6 23. Rxf6 Bxe4 24. Rfxd6 Ra1+ 25. Kf2 Rb1 26. Rb6 Rc6 27. Rxc6 Bxc6 28. Bd1 Kg7 29. Ke3 f5 30. Bc2 Rb2 31. Kd4 Kf6 32. Kc3 Ra2 33. b4 Ra3+ 34. Kd4 g5 35. Rf2 f4 36. b5 Bd7 37. g3 b6 38. gxf4 g4 39. Be4 Bf5 40. Bxf5 Kxf5 41. c5 bxc5+ 42. Kxc5 Rc3+ 43. Kd5 Rb3 44. Kc6 Rc3+ 45. Kb7 Rf3 46. Rb2 Rxf4 47. b6 Kg5 48. Ka6 Ra4+ 49. Kb5 Ra8 50. b7 Rb8 51. Kc6 1-0

[Event "Nova Gorica op 27th"]
[Site "Nova Gorica"]
[Date "2023.03.21"]
[Round "7"]
[White "Perossa, Nicolas"]
[Black "Favaloro, Andrea"]
[Result "1/2-1/2"]
[WhiteElo "2141"]
[BlackElo "2407"]
[PlyCount "60"]
[EventDate "2023.03.16"]
[EventType "swiss"]
[EventRounds "9"]
[EventCountry "SLO"]
[SourceTitle "CBM 213 Extra"]
[Source "ChessBase"]
[SourceDate "2023.05.31"]
[SourceVersion "1"]
[SourceVersionDate "2023.05.31"]
[SourceQuality "1"]

1. e4 g6 2. d4 Bg7 3. Nf3 d6 4. h3 Nf6 5. Nc3 a6 6. a4 0-0 7. Be3 b6 8. Qd2 Bb7 9. d5 c6 10. dxc6 Nxc6 11. Bd3 d5 12. Bh6 dxe4 13. Nxe4 Nd4 14. Nxf6+ exf6 15. Nxd4 Bxh6 16. Qxh6 Qxd4 17. 0-0 Qxb2 18. Qe3 Rfe8 19. Rab1 Rxe3 20. Rxb2 Re6 21. Rfb1 Bc6 22. Rxb6 Bxa4 23. Rxe6 fxe6 24. Ra1 Bc6 25. Rxa6 Rxa6 26. Bxa6 Kf8 27. f3 Ke7 28. Kf2 Kd6 29. Ke3 Kc5 30. h4 e5 1/2-1/2

[Event "Nova Gorica op 27th"]
[Site "Nova Gorica"]
[Date "2023.03.18"]
[Round "3"]
[White "Beletic, Daniel"]
[Black "Favaloro, Andrea"]
[Result "0-1"]
[WhiteElo "2269"]
[BlackElo "2407"]
[PlyCount "52"]
[EventDate "2023.03.16"]
[EventType "swiss"]
[EventRounds "9"]
[EventCountry "SLO"]
[SourceTitle "CBM 213 Extra"]
[Source "ChessBase"]
[SourceDate "2023.05.31"]
[SourceVersion "1"]
[SourceVersionDate "2023.05.31"]
[SourceQuality "1"]

1. d4 d5 2. c4 e6 3. Nc3 Nf6 4. cxd5 exd5 5. Bg5 c6 6. e3 h6 7. Bh4 Be7 8. Bd3 0-0 9. Qc2 Re8 10. Nge2 a5 11. 0-0 Na6 12. a3 Nc7 13. Rad1 Ne6 14. f3 b5 15. Kh1 Bd7 16. h3 Rc8 17. e4 b4 18. axb4 axb4 19. e5 bxc3 20. exf6 Bxf6 21. Bxf6 Qxf6 22. bxc3 c5 23. dxc5 Nxc5 24. Ra1 Re3 25. Bh7+ Kh8 26. Qd2 Rce8 0-1

[Event "Nova Gorica op 27th"]
[Site "Nova Gorica"]
[Date "2023.03.17"]
[Round "2"]
[White "Favaloro, Andrea"]
[Black "Bifulco, Michel"]
[Result "1/2-1/2"]
[WhiteElo "2407"]
[BlackElo "2312"]
[PlyCount "97"]
[EventDate "2023.03.16"]
[EventType "swiss"]
[EventRounds "9"]
[EventCountry "SLO"]
[SourceTitle "CBM 213 Extra"]
[Source "ChessBase"]
[SourceDate "2023.05.31"]
[SourceVersion "1"]
[SourceVersionDate "2023.05.31"]
[SourceQuality "1"]

1. c4 e5 2. Nc3 c5 3. Nf3 Nc6 4. e3 Nf6 5. Be2 d5 6. d4 cxd4 7. exd4 exd4 8. Nxd4 dxc4 9. Nxc6 Qxd1+ 10. Nxd1 bxc6 11. Bxc4 Bb4+ 12. Bd2 Bxd2+ 13. Kxd2 0-0 14. Ne3 Be6 15. Bxe6 fxe6 16. Ke2 Nd5 17. Rhd1 Rab8 18. Rd2 Rb5 19. f3 Nxe3 20. Kxe3 Re5+ 21. Kf2 Rd5 22. Re2 Kf7 23. Rc1 c5 24. Rc4 Rfd8 25. Rf4+ Ke7 26. Rg4 g6 27. Rh4 h5 28. Ra4 R8d7 29. Ra6 R5d6 30. Rxd6 Rxd6 31. Rc2 Rd5 32. Ke3 Kd6 33. h4 e5 34. Rc3 a5 35. Rb3 Rd4 36. g3 Kd5 37. Rb8 a4 38. b3 axb3 39. axb3 Rb4 40. Rxb4 cxb4 41. g4 Kd6 42. Ke4 Ke6 43. gxh5 gxh5 44. Kd3 Kd5 45. Ke3 Kd6 46. Kd2 Kc5 47. Ke3 Kd6 48. Ke4 Ke6 49. Kd3 1/2-1/2

[Event "Spilimbergo op 20th"]
[Site "Spilimbergo"]
[Date "2022.08.11"]
[Round "4"]
[White "Favaloro, Andrea"]
[Black "Doric, Darko"]
[Result "1-0"]
[WhiteElo "2363"]
[BlackElo "2473"]
[PlyCount "165"]
[EventDate "2022.08.09"]
[EventType "swiss"]
[EventRounds "9"]
[EventCountry "ITA"]
[SourceTitle "CBM 209 Extra"]
[Source "ChessBase"]
[SourceDate "2022.09.30"]
[SourceVersion "1"]
[SourceVersionDate "2022.09.30"]
[SourceQuality "1"]

1. Nf3 d5 2. g3 c6 3. Bg2 Bg4 4. 0-0 Nf6 5. h3 Bxf3 6. Bxf3 e5 7. d4 Nbd7 8. c4 dxc4 9. Nd2 exd4 10. Nxc4 Nb6 11. Na5 Qd7 12. Qc2 Rc8 13. Bg5 Nbd5 14. Rfd1 Qc7 15. Qa4 Be7 16. Nb3 a6 17. Qxd4 h6 18. Bd2 0-0 19. e4 c5 20. Qc4 Nb6 21. Qc2 Nbd7 22. Bf4 Ne5 23. Qc3 Nxf3+ 24. Qxf3 Qc6 25. Na5 Qb5 26. Nb3 Rfd8 27. e5 Nh7 28. e6 fxe6 29. Qg4 Kf7 30. Re1 Nf8 31. Be5 Ng6 32. Bxg7 h5 33. Qxh5 Kxg7 34. Rxe6 Bf6 35. Qf5 Rf8 36. Rxf6 Rxf6 37. Qxc8 c4 38. Nc5 Qxb2 39. Qxb7+ Qxb7 40. Nxb7 Ne5 41. Rc1 Rb6 42. Nc5 Rc6 43. Ne4 Nd3 44. Rc3 Nb2 45. Nd2 Rd6 46. Rc2 c3 47. Ne4 Rd1+ 48. Kg2 Nd3 49. Rxc3 Ne1+ 50. Kh2 Rd4 51. Re3 Nd3 52. Kg2 Nb4 53. Re2 Rd3 54. Rb2 a5 55. a4 Rd4 56. Nc5 Rc4 57. Nb7 Nc6 58. Rb5 Rxa4 59. Rc5 Nd4 60. Rxa5 Rb4 61. Nc5 Rb2 62. Nd3 Rd2 63. Nf4 Nc2 64. Re5 Rd1 65. g4 Ra1 66. h4 Ne1+ 67. Kg3 Nc2 68. h5 Rg1+ 69. Kh4 Nd4 70. Re3 Kf6 71. Nd5+ Kf7 72. Kh3 Ne6 73. f3 Rd1 74. Nc3 Rh1+ 75. Kg2 Rc1 76. Ne2 Ra1 77. Kg3 Re1 78. f4 Kf6 79. Re5 Rf1 80. g5+ Kf7 81. h6 Rh1 82. Kg4 Rf1 83. g6+ 1-0

[Event "Piestany Slovakia op-A"]
[Site "Piestany"]
[Date "2022.07.17"]
[Round "8"]
[White "Favaloro, Andrea"]
[Black "Haring, Filip"]
[Result "0-1"]
[WhiteElo "2361"]
[BlackElo "2451"]
[PlyCount "74"]
[EventDate "2022.07.11"]
[EventType "swiss"]
[EventRounds "9"]
[EventCountry "SVK"]
[SourceTitle "CBM 209 Extra"]
[Source "ChessBase"]
[SourceDate "2022.09.30"]
[SourceVersion "1"]
[SourceVersionDate "2022.09.30"]
[SourceQuality "1"]

1. Nf3 f5 2. d3 d6 3. e4 e5 4. Nc3 c5 5. g3 Nc6 6. Bg2 Be7 7. 0-0 Nf6 8. Nh4 fxe4 9. dxe4 0-0 10. Nf5 Nd4 11. Qd3 h6 12. f4 Rb8 13. a4 Be6 14. h3 Bf7 15. g4 Nxf5 16. exf5 e4 17. Nxe4 Nxe4 18. Bxe4 d5 19. Bg2 c4 20. Qg3 Bh4 21. Qf3 d4 22. c3 Re8 23. Rd1 d3 24. Be3 Qa5 25. g5 Qxf5 26. Bxa7 Rbd8 27. Qg4 Qxg4 28. hxg4 hxg5 29. Bd4 Rd7 30. fxg5 Re2 31. Rab1 Bd5 32. Bxd5+ Rxd5 33. b3 Rxg5 34. bxc4 Rxg4+ 35. Kh1 d2 36. c5 Bg5 37. a5 Bf4 0-1

[Event "Piestany Slovakia op-A"]
[Site "Piestany"]
[Date "2022.07.16"]
[Round "7"]
[White "Isha, Sharma"]
[Black "Favaloro, Andrea"]
[Result "0-1"]
[WhiteElo "2236"]
[BlackElo "2361"]
[PlyCount "66"]
[EventDate "2022.07.11"]
[EventType "swiss"]
[EventRounds "9"]
[EventCountry "SVK"]
[SourceTitle "CBM 209 Extra"]
[Source "ChessBase"]
[SourceDate "2022.09.30"]
[SourceVersion "1"]
[SourceVersionDate "2022.09.30"]
[SourceQuality "1"]

1. e4 e5 2. Nf3 Nc6 3. Bc4 Bc5 4. c3 Nf6 5. d3 d6 6. Nbd2 0-0 7. h3 a5 8. 0-0 h6 9. Re1 a4 10. Bb5 Bd7 11. Bxa4 Rxa4 12. Qxa4 Nb4 13. Qd1 Nxd3 14. Rf1 Ba7 15. Qc2 Nf4 16. Nc4 N6h5 17. Kh2 f5 18. Bxf4 Nxf4 19. Ncd2 fxe4 20. Qxe4 Bc6 21. Qc4+ Kh8 22. g3 d5 23. Qb3 Nd3 24. Nh4 Rxf2+ 25. Rxf2 Bxf2 26. Ndf3 e4 27. Qc2 Qf6 28. Nd4 Bd7 29. Rd1 c5 30. Ndf3 Qd6 31. Rg1 exf3 32. Qxd3 Bxg1+ 33. Kh1 Bf2 0-1

[Event "ITA-chT Final 53rd"]
[Site "Montesilvano"]
[Date "2022.04.24"]
[Round "1.1"]
[White "Vocaturo, Daniele"]
[Black "Favaloro, Andrea"]
[Result "1-0"]
[WhiteElo "2614"]
[BlackElo "2370"]
[PlyCount "63"]
[EventDate "2022.04.24"]
[EventType "team-tourn"]
[EventRounds "4"]
[EventCountry "ITA"]
[SourceTitle "CBM 207 Extra"]
[Source "ChessBase"]
[SourceDate "2022.05.31"]
[SourceVersion "1"]
[SourceVersionDate "2022.05.31"]
[SourceQuality "1"]
[WhiteTeam "Padova Obiettivo"]
[BlackTeam "Palermitano CPS"]
[WhiteTeamCountry "ITA"]
[BlackTeamCountry "ITA"]

1. e4 e5 2. Nf3 Nc6 3. Bb5 a6 4. Ba4 Nf6 5. 0-0 Be7 6. Re1 b5 7. Bb3 d6 8. c3 0-0 9. h3 Nb8 10. d4 Nbd7 11. c4 c6 12. Qc2 a5 13. cxb5 cxb5 14. Nc3 a4 15. Bd5 Nxd5 16. Nxd5 Bb7 17. Nxe7+ Qxe7 18. Qc7 Rab8 19. dxe5 dxe5 20. Bg5 f6 21. Rad1 Rfd8 22. Bxf6 gxf6 23. Nh4 Bc8 24. Nf5 Qf8 25. Nh6+ Kg7 26. Nf5+ Kg8 27. Nd6 Ba6 28. Re3 b4 29. Qc6 h5 30. Qxa6 Nb6 31. Rg3+ Kh7 32. Qe2 1-0

[Event "ITA-chTB 53rd"]
[Site "Montesilvano"]
[Date "2022.04.22"]
[Round "6.2"]
[White "Favaloro, Andrea"]
[Black "Shytaj, Luca"]
[Result "1/2-1/2"]
[WhiteElo "2370"]
[BlackElo "2460"]
[PlyCount "34"]
[EventDate "2022.04.19"]
[EventType "team-tourn"]
[EventRounds "7"]
[EventCountry "ITA"]
[SourceTitle "CBM 207 Extra"]
[Source "ChessBase"]
[SourceDate "2022.05.31"]
[SourceVersion "1"]
[SourceVersionDate "2022.05.31"]
[SourceQuality "1"]
[WhiteTeam "Palermitano CPS"]
[BlackTeam "Chieti"]
[WhiteTeamCountry "ITA"]
[BlackTeamCountry "ITA"]

1. Nf3 c5 2. c4 Nf6 3. Nc3 Nc6 4. d4 cxd4 5. Nxd4 e6 6. g3 Bc5 7. Nb3 Be7 8. Bg2 b6 9. 0-0 0-0 10. Bf4 Bb7 11. Qd2 Rc8 12. Rac1 Ba6 13. Nb5 d5 14. cxd5 Nxd5 15. Bxd5 Bxb5 16. Bc4 Qxd2 17. Bxd2 Bxc4 1/2-1/2

[Event "Imola Ferrari Cup 1st"]
[Site "Imola"]
[Date "2021.12.05"]
[Round "4"]
[White "Favaloro, Andrea"]
[Black "Mrdja, Milan"]
[Result "1-0"]
[WhiteElo "2356"]
[BlackElo "2248"]
[PlyCount "43"]
[EventDate "2021.12.03"]
[EventType "swiss"]
[EventRounds "5"]
[EventCountry "ITA"]
[SourceTitle "EXT 2023"]
[Source "ChessBase"]
[SourceDate "2022.10.05"]
[SourceVersion "1"]
[SourceVersionDate "2022.10.05"]
[SourceQuality "1"]

1. Nf3 Nf6 2. g3 g6 3. Bg2 Bg7 4. d4 0-0 5. c4 d5 6. cxd5 Nxd5 7. 0-0 Nb6 8. Nc3 Nc6 9. d5 Na5 10. e4 Bg4 11. h3 Bxf3 12. Qxf3 c6 13. Rd1 Qe8 14. Bf4 cxd5 15. exd5 Nac4 16. b3 Nd6 17. Rac1 Rc8 18. Ne4 Qd8 19. h4 Rxc1 20. Rxc1 Nxd5 21. Nxd6 Nxf4 22. Nxb7 1-0

[Event "Anti Cheating Blitz Cup"]
[Site "Chess.com INT"]
[Date "2020.05.20"]
[Round "7"]
[White "Favaloro, Andrea"]
[Black "Loiacono, Leonardo"]
[Result "1/2-1/2"]
[WhiteElo "2350"]
[BlackElo "2299"]
[PlyCount "187"]
[EventDate "2020.05.20"]
[EventType "swiss (blitz)"]
[EventRounds "11"]
[EventCountry "USA"]
[SourceTitle "CBM 196 Extra"]
[Source "ChessBase"]
[SourceDate "2020.07.31"]
[SourceVersion "1"]
[SourceVersionDate "2020.07.31"]
[SourceQuality "1"]

1. Nf3 d5 2. g3 Bg4 3. Bg2 c6 4. c4 e6 5. cxd5 Bxf3 6. Bxf3 cxd5 7. 0-0 Nc6 8. Nc3 Nf6 9. d4 Be7 10. e3 0-0 11. Bd2 Rc8 12. Rc1 Ne8 13. Ne2 Nd6 14. Nf4 Nc4 15. Bc3 Bd6 16. Nd3 Qe7 17. Qe2 Nb6 18. Rfd1 Rfd8 19. Kg2 h6 20. Qd2 Na4 21. b3 Nxc3 22. Rxc3 Nb4 23. Rdc1 Rxc3 24. Rxc3 Qd7 25. Rc1 Nxd3 26. Qxd3 Rc8 27. Rc3 Bb4 28. Rxc8+ Qxc8 29. Bd1 a6 30. Qc2 Bc3 31. Be2 Qc6 32. Bd3 e5 33. dxe5 a5 34. f4 Kf8 35. Kf1 Ke7 36. Ke2 g6 37. a4 h5 38. Bb5 Qc5 39. f5 d4 40. Qe4 gxf5 41. Qxb7+ Kf8 42. Bc4 Qe7 43. Qxe7+ Kxe7 44. Kd3 Bb4 45. exd4 f6 46. exf6+ Kxf6 47. Ke3 Bd6 48. Kf3 Kg5 49. Bd3 Kf6 50. Bb5 Kg5 51. Be8 h4 52. gxh4+ Kxh4 53. Bd7 Kg5 54. h4+ Kxh4 55. Bxf5 Kg5 56. Ke4 Kf6 57. Kd5 Bb4 58. Bd3 Ke7 59. Kc6 Kd8 60. d5 Ke7 61. Bc4 Bd6 62. Kb6 Bb4 63. Kc7 Bc5 64. Kc6 Bd6 65. Kb5 Bb4 66. Kb6 Kd6 67. Kb7 Bc3 68. Kc8 Bd2 69. Kd8 Bb4 70. Ke8 Bc3 71. Kf7 Bb4 72. Kg6 Bc3 73. Kf5 Bb4 74. Ke4 Bc3 75. Ke3 Bb4 76. Kd3 Bc5 77. Kc3 Bb4+ 78. Kd4 Bc5+ 79. Ke4 Bb4 80. Kf5 Bc5 81. Kg6 Bb4 82. Kf7 Bc3 83. Ke8 Bb4 84. Kd8 Bc3 85. Kc8 Bb4 86. Kb7 Bc3 87. Ka6 Bb4 88. Kb6 Bc3 89. b4 Bxb4 90. Kb5 Bc3 91. Ka6 Bb4 92. Kb5 Bc3 93. Ka6 Bb4 94. Kb5 1/2-1/2